000 00826nam a22002537a 4500
001 22167
005 20260407095321.0
008 260331b |||||||| |||| 00| 0 spa d
020 _a9786123331719
041 _aESP
082 _a348.6
_bV31
100 _aVarela Bohórquez, Fernando,
245 _aEl arbitraje laboral :
_bperspectiva legal, doctrinaria y jurisprudencial
250 _aPrimera edición
260 _aLima :
_bGacerta Jurídica,
_c2026
300 _a190 páginas :
_b;
_c25 cm.
440 _a ;
650 _aCIS
653 _aDerecho; Derecho del trabajo; Arbitraje laboral
654 _aCDE
700 _a;
856 _uhttps://0u214vfty-y-https-app-vlex-com.itmsp.museknowledge.com/search/jurisdiction:PE/Arbitraje+laboral
_zVéase además: Base de datos Vlex
942 _cLIB
_dJUS
_fMIP
_n0
_2ddc
999 _c22167
_d22167